书目信息 |
| 题名: |
西方社会保障制度概论
|
|
| 作者: | 姜守明 , 耿亮 著 | |
| 分册: | ||
| 出版信息: | 北京 科学出版社 2002 |
|
| 页数: | 229页 | |
| 开本: | 24cm | |
| 丛书名: | ||
| 单 册: | ||
| 中图分类: | D57 | |
| 科图分类: | ||
| 主题词: | 社会保障 , 福利制度 , 社会保障--福利制度--概况--西方国家 | |
| 电子资源: | ||
| ISBN: | 7-03-010817-5 | |
| 000 | 01241nam0 2200277 45 | |
| 001 | 012003006497 | |
| 005 | 20061012164100.04 | |
| 010 | @a7-03-010817-5@dCNY20.00 | |
| 100 | @a20030210d2002 em y0chiy0121 ea | |
| 101 | 0 | @achi |
| 102 | @aCN@b110000 | |
| 105 | @ak z 000yy | |
| 200 | 1 | @a西方社会保障制度概论@Axi fang she hui bao zhang zhi du gai lun@f姜守明,耿亮著 |
| 210 | @a北京@c科学出版社@d2002 | |
| 215 | @a229页@c表格@d24cm | |
| 314 | @a耿亮,男,江苏苏州人,南京晓庄学院副教授,历史与社会学系主任。合著有《西方社会保障制度概论》等。 | |
| 314 | @a姜守明,男,博士,江苏盱眙人,南京师范大学社会发展学院和外语学院双聘教授,历史系主任。著有《从民族国家走向帝国之路》等。 | |
| 330 | @a本书从总体上探讨了西方社会保障的历史渊源和主要思潮,以及社会保障的模式、方式、功能、作用和管理,分析了当代西方社会保障存在的主要问题及未来发展趋势,并分章阐述了养老保险、工伤保险等保障项目的一般情况,还着重介绍了英国、德国、法国等国的社会保障发展历程、主要内容、特点、面临的挑战及其对策。 | |
| 606 | 0 | @a社会保障 |
| 606 | 0 | @a福利制度 |
| 606 | 0 | @a社会保障@x福利制度@x概况@y西方国家 |
| 690 | @aD57@v4 | |
| 701 | 0 | @a姜守明@Ajiang shou ming@4著 |
| 701 | 0 | @a耿亮@Ageng liang@4著 |
| 801 | 0 | @aCN@c20061012 |
| 905 | @a10447@dD57@eJ524 | |
| 西方社会保障制度概论/姜守明,耿亮著.-北京:科学出版社,2002 |
| 229页:表格;24cm |
| ISBN 7-03-010817-5:CNY20.00 |
| 本书从总体上探讨了西方社会保障的历史渊源和主要思潮,以及社会保障的模式、方式、功能、作用和管理,分析了当代西方社会保障存在的主要问题及未来发展趋势,并分章阐述了养老保险、工伤保险等保障项目的一般情况,还着重介绍了英国、德国、法国等国的社会保障发展历程、主要内容、特点、面临的挑战及其对策。 |
| ● |
| 相关链接 |
|
|
|
正题名:西方社会保障制度概论
索取号:D57/J524
 
预约/预借
| 序号 | 登录号 | 条形码 | 馆藏地/架位号 | 状态 | 备注 |
| 1 | 549702 | 205497023 | 社科库509/509社科库 71排5列3层/ [索取号:D57/J524] | 在馆 | |
| 2 | 549703 | 205497032 | 社科库509/509社科库 71排5列3层/ [索取号:D57/J524] | 在馆 | |
| 3 | 549704 | 205497041 | 社科库509/509社科库 71排5列3层/ [索取号:D57/J524] | 在馆 |